000 00814nam a2200205Ii 4500
003 JO-AjNU
008 230605s9999||||xx |||||||||||||| ||und||
017 _a2009/9/3879
040 _aJO-AjNU
_bara
_erda
_cJO-AjNU
041 _aara
050 1 4 _aPJ7750.M8.Z75 2009
100 3 _aالكركي ، خالد ,
_eauthor
_956949
245 0 0 _a الصائح المحكي : صورة المتنبي في الشعر العربي الحديث : دراسة ومختارات 
264 3 1 _aعمان : وزارة الثقافة ، 2009
300 _a422ص
336 _atext
_btxt
_2rdacontent
337 _aunmediated
_bn
_2rdamedia
338 _avolume
_bnc
_2rdacarrier
650 4 _aالادباء العرب-تراجم - الشعراء العرب -العصر العباسي -ابو الطيب المتنبي
_956950
999 _aA25492
_c29060
_d29060